Movies Quiz

Random Movies or Director Quiz

Top-Grossing Films by Director Quiz Stats

 Plays Quiz Updated Dec 5, 2016

Support Sporcle.
Go Orange.
Score 0/48 Timer 12:00
2 Plays Today
% Correct
Titanic
88.4%
Avatar
87.9%
The Dark Knight
73.5%
E.T.: The Extra-Terrestrial
69.4%
The Dark Knight Rises
64.7%
Batman
64%
Inception
62%
The Departed
58.8%
Jurassic Park
54.9%
No Country for Old Men
53%
The Grand Budapest Hotel
52.8%
Terminator 2: Judgment Day
52.2%
Gran Torino
51.1%
Alice in Wonderland
48.9%
Gladiator
47.6%
Apollo 13
45.5%
Black Swan
42.4%
Life of Pi
39.3%
Midnight in Paris
38.4%
Manhattan
38.1%
Crouching Tiger, Hidden Dragon
37.2%
American Hustle
36.3%
The Royal Tenenbaums
36%
Silver Linings Playbook
35.5%
% Correct
Moonrise Kingdom
35.4%
Hulk
34.4%
The Wolf of Wall Street
34.3%
Sully
33.8%
American Sniper
33.1%
Charlie and the Chocolate Factory
32.3%
Pacific Rim
31.5%
Gone Girl
30.2%
True Grit
29.2%
Hellboy II: The Golden Army
28.9%
Shutter Island
26.3%
Noah
25.8%
The Girl with the Dragon Tattoo
24.3%
The Wrestler
24.1%
The Fighter
22.8%
Burn After Reading
22.3%
Indiana Jones and the Kingdom of the Crystal Skull
21%
Hannah and Her Sisters
20.9%
The Curious Case of Benjamin Button
20.3%
The Da Vinci Code
20.1%
The Martian
19.2%
How the Grinch Stole Christmas
12.8%
Blade II
10.4%
Hannibal
5.8%

You're not logged in!

Compare scores with friends on all Sporcle quizzes.
OR
Log In

From the Vault

World Cities Match-Up II

by mselby

These cities are a match made in heaven.
Remove Ads.
Support Sporcle.
Get the best of Sporcle when you Go Orange. This ad-free experience offers more features, more stats, and more fun while also helping to support Sporcle. Thank you for becoming a member.

Show Comments

Extras

Top Quizzes Today


Score Distribution

Your Account Isn't Verified!

In order to create a playlist on Sporcle, you need to verify the email address you used during registration. Go to your Sporcle Settings to finish the process.

Report this User

Report this user for behavior that violates our Community Guidelines.

Details: